[Event "DEN-chT 9697"]
[Site "?"]
[Date "1997.??.??"]
[Round "6"]
[White "Mortensen, Erling"]
[Black "Sorensen, Jan"]
[Result "1/2-1/2"]
[WhiteElo "2445"]
[BlackElo "2390"]

1.e4 e6 2.d4 d5 3.Nc3 Bb4 4.e5 Ne7 5.Nf3 c5 6.a3 Bxc3+ 7.bxc3 Qa5 8.Bd2 Qc7
9.Bd3 b6 10.Ng5 h6 11.Qh5 g6 12.Qh4 Nf5 13.Bxf5 gxf5 14.O-O Qe7 15.dxc5 bxc5
16.Rfe1 Nd7 17.Qh5 Nb6 18.Nh3 Qf8 19.Nf4 Kd7 20.Qf3 Bb7 21.Nh5 Kc7 22.Nf6 Nc4
23.Bf4 Bc6 24.Reb1 Rb8 25.Rxb8 Qxb8 26.Qh5 Qf8 27.h4 Qg7 28.Kh2 Qf8 29.Qe2 Qg7
30.Rg1 Kb7 31.g4 fxg4 32.Qxg4 Qxg4 33.Rxg4 Nxa3 34.Rg7 Nxc2 35.Rxf7+ Kb6
36.Re7 a5 37.Rxe6 Kb5 38.Rd6 a4 39.c4+ dxc4 40.Rd2 Nd4 41.Rb2+ Nb3 42.e6 c3
43.Ra2 Kc4 44.e7 Kd3 45.Ng4 Bb5 46.Ne5+ Ke4 47.Ng6 Ra8 48.Bxh6 Kf5 49.Nf4 Rh8
50.Bg5 Nd4 51.Nd5 Bc6 52.Nxc3 Kg4 53.Kg1 Nf3+ 54.Kf1 Nxg5 55.hxg5 Kxg5 56.Nxa4 Ra8
57.Nc3 Rxa2 58.Nxa2 Kf6 59.Nc3  1/2-1/2

[Event "Dieren op"]
[Site "Dieren"]
[Date "1997.??.??"]
[Round "4"]
[White "Azadmanesh, Moosa"]
[Black "Golyak, Isay G"]
[Result "1/2-1/2"]
[WhiteElo "2110"]
[BlackElo "2285"]

1.e4 e6 2.d4 d5 3.Nc3 Bb4 4.e5 b6 5.Bd2 Qd7 6.f4 h5 7.Qf3 Ba6 8.O-O-O Bxf1
9.Rxf1 Nc6 10.Nge2 Nge7 11.g3 O-O-O 12.a3 Bxc3 13.Bxc3 f5 14.h3 Kb7 15.Kb1 Rc8
16.Qf2 Nd8 17.Bb4 Ndc6 18.Bc3 Nd8 19.Bb4 Ndc6 20.Bxe7 Nxe7 21.Rhg1 Rh7 22.Rg2 Rch8
23.Rfg1 Qb5 24.Nc1 Qe8 25.Nb3 Rg8 26.Nd2 g5 27.Nf3 g4 28.Ng5 Rh6 29.Rh1 Rgh8
30.Rgh2 Qg6 31.Qe1 Nc6 32.c3 h4 33.Ka2 hxg3 34.Qxg3 gxh3 35.Rxh3 Rxh3 36.Rxh3 Rxh3
37.Qxh3 Qe8 38.Qh6 Nd8 39.Qh7  1/2-1/2

[Event "Momotov mem"]
[Site "Enakievo"]
[Date "1997.??.??"]
[Round "?"]
[White "Iordachescu, Viorel"]
[Black "Kruppa, Yuri"]
[Result "1/2-1/2"]
[WhiteElo "2485"]
[BlackElo "2520"]

1.e4 e6 2.d4 d5 3.Nc3 Bb4 4.e5 b6 5.a3 Bf8 6.Nf3 Qd7 7.Bb5 c6 8.Ba4 Na6 9.Ne2 Nc7
10.O-O Ba6 11.Re1 O-O-O 12.Be3 f5 13.Nf4 Nh6 14.h3 Nf7 15.Nh5 Kb7 16.Bb3 Rg8
17.a4 c5 18.dxc5 bxc5 19.c3 Be7 20.Bc2 Ka8 21.a5 Qc6 22.Ba4 Bb5 23.a6 Bxa4
24.Rxa4 h6 25.Ra5 Rb8 26.Qe2 Rb3 27.Nf4 Qb6 28.Ra2 g5 29.Nd3 f4 30.Bd2 Nd8
31.c4 Nc6 32.Bc3 dxc4 33.Nc1 Rb5 34.Qxc4 Nd5 35.Nd3 Rb8 36.Qe4 Qd8 37.Nd2 Qd7
38.Qg6 Bf8 39.Kh2 Nde7 40.Qe4 Qd5 41.Nc4 Nb4 42.Bxb4 cxb4 43.Nd6 Qxe4 44.Rxe4 Rd5
45.Nxb4 Rd2 46.b3 Rxa2 47.Nxa2 Rxb3 48.Nb4 Nf5 49.Rc4 Bxd6 50.exd6 Nxd6 51.Rd4 Nc8
52.Nd3 Rb6 53.Ra4 Kb8 54.Ne5 Rb2 55.Rc4 Rd2 56.Nc6+ Ka8 57.Ne5 Kb8 58.Nc6+ Ka8
59.Ne5 Kb8  1/2-1/2

[Event "Momotov mem"]
[Site "Enakievo"]
[Date "1997.??.??"]
[Round "?"]
[White "Gurevich, Vladimir"]
[Black "Kruppa, Yuri"]
[Result "1-0"]
[WhiteElo "2430"]
[BlackElo "2520"]

1.e4 e6 2.d4 d5 3.Nc3 Bb4 4.e5 b6 5.Bd2 Qd7 6.Nf3 Bf8 7.h4 h5 8.Be2 Ba6 9.Bxa6 Nxa6
10.Ne2 Ne7 11.O-O Nb8 12.Bg5 Ng6 13.Rc1 Nc6 14.c4 dxc4 15.Rxc4 Nb4 16.Qb3 a5
17.Rfc1 a4 18.Qd1 Nd5 19.a3 f6 20.Qc2 Kf7 21.exf6 Bd6 22.fxg7 Kxg7 23.Qe4 Rhf8
24.Ng3 Bxg3 25.fxg3 Qf7 26.Re1 Rfe8 27.Rc6 Ra5 28.g4 hxg4 29.Qxg4 Qd7 30.Rexe6  1-0

[Event "Capablanca mem"]
[Site "Fortaleza"]
[Date "1997.??.??"]
[Round "4"]
[White "Van Riemsdijk, Herman C"]
[Black "Roofdhooft, Marcel"]
[Result "1/2-1/2"]
[WhiteElo "2400"]
[BlackElo "2300"]

1.e4 e6 2.d4 d5 3.Nc3 Bb4 4.e5 b6 5.Qg4 Bf8 6.Nf3 Qd7 7.Bd2 Ba6 8.Bxa6 Nxa6
9.O-O Ne7 10.Nd1 g6 11.Ne1 Bg7 12.Qe2 Nb8 13.Ne3 c5 14.c3 Nbc6 15.Qd3  1/2-1/2

[Event "FRA-chT9697 groupe B"]
[Site "France"]
[Date "1997.??.??"]
[Round "6"]
[White "Guillon, Cyril"]
[Black "Mollov, Elin"]
[Result "0-1"]
[WhiteElo "2235"]
[BlackElo "2375"]

1.e4 e6 2.d4 d5 3.Nc3 Bb4 4.e5 b6 5.Qg4 Bf8 6.Bg5 Qd7 7.Nf3 h6 8.Bd2 Ne7
9.h4 Ba6 10.Bxa6 Nxa6 11.Qf4 c5 12.O-O-O c4 13.g4 b5 14.a3 b4 15.axb4 Nxb4
16.h5 a5 17.Rdg1 a4 18.g5 hxg5 19.Rxg5 a3 20.bxa3 Rxa3 21.Nb1 Ra4 22.Rhg1 Nec6
23.Rxg7 Qb7 24.Bxb4 Nxb4 25.Rg8 Na2+ 26.Kd2 Rxg8 27.Rxg8 Qxb1 28.Rg1 Bb4+
29.Ke2 Nc3+ 30.Ke3 Nd1+ 31.Ke2 Qxc2+ 32.Nd2 Qd3+ 33.Ke1 Nc3 34.Rg8+ Bf8  0-1

[Event "Frydek-Mistek (Women)"]
[Site "Frydek-Mistek"]
[Date "1997.??.??"]
[Round "?"]
[White "Semenova, Irina"]
[Black "Bobrowska, Monika"]
[Result "1-0"]
[WhiteElo "2255"]
[BlackElo "2385"]

1.e4 e6 2.d4 d5 3.Nc3 Bb4 4.e5 b6 5.a3 Bf8 6.h4 c6 7.Nf3 Ba6 8.Bd3 Bxd3 9.cxd3 Nd7
10.O-O Ne7 11.Bg5 h6 12.Bxe7 Bxe7 13.h5 O-O 14.Ne2 c5 15.Nh2 cxd4 16.Ng4 Qb8
17.f4 f6 18.exf6 Nxf6 19.Ne5 Bd6 20.Ng6 Re8 21.Ng3 Qb7 22.Qf3 Rac8 23.Rf2 Rc7
24.Re1 Qc8 25.Nf1 Rc2 26.Rxc2 Qxc2 27.Re2 Qc1 28.g4 Qd1 29.Kf2 Nh7 30.Ng3 Nf8
31.Nf5 Bb8 32.Nxd4 Qa4 33.Nxe6 Nxg6 34.hxg6 Qd7 35.Nd4 Rf8 36.Nf5 Qd8 37.Qxd5+ Qxd5
38.Ne7+ Kh8 39.Nxd5 Bxf4 40.Nxf4 Rxf4+ 41.Kg3 Rf8 42.Re7 Ra8 43.d4 Kg8 44.d5 Kf8
45.Rf7+ Kg8 46.Kf4 Rd8 47.Rxa7 Kf8 48.Ke5 Re8+ 49.Kd6 Rd8+ 50.Kc6 Rc8+ 51.Rc7 Rb8
52.d6  1-0

[Event "Frydek-Mistek op-A"]
[Site "Frydek-Mistek"]
[Date "1997.??.??"]
[Round "9"]
[White "Socko, Bartosz"]
[Black "Obsivac, Josef"]
[Result "1/2-1/2"]
[WhiteElo "2435"]
[BlackElo "2385"]

1.e4 e6 2.d4 d5 3.Nc3 Bb4 4.e5 b6 5.a3 Bf8 6.Nf3 Ba6 7.Bxa6 Nxa6 8.O-O Qd7
9.b4 c6 10.Ne1 Ne7 11.Be3 Nc8 12.Nd3 Nc7 13.f4 g6 14.g4 Ne7 15.Qf3 O-O-O
16.a4 h5 17.h3 Kb8 18.Rfb1 hxg4 19.hxg4 Nc8 20.Kg2 Be7 21.Ne2 Rdg8 22.Rh1 Qd8
23.Bf2 Qf8 24.c3 Rxh1 25.Rxh1 Rh8 26.Rxh8 Qxh8 27.f5 gxf5 28.gxf5 exf5 29.Qxf5 Qg8+
30.Bg3 Ne6 31.Ndf4 Kc7 32.b5 Bg5 33.Nd3 Ne7 34.Qf3 Qg6 35.bxc6 a5 36.Nf2 Qf5
37.Nh3 Qxf3+ 38.Kxf3 Bd2 39.Nhf4 Kxc6 40.Nxe6 fxe6 41.Bf4 Be1 42.Ke3 b5 43.axb5+ Kxb5
44.Kd3 Bh4 45.Bg3 Bxg3 46.Nxg3 a4 47.Kc2 Nc6 48.Ne2 Kc4 49.Nf4 Nd8 50.Nd3 Nb7
51.Nf4 Nd8 52.Nd3 Nb7  1/2-1/2

[Event "Landesliga Nord 9697 Bayern"]
[Site "Germany"]
[Date "1997.??.??"]
[Round "?"]
[White "Saathoff, Richard"]
[Black "Willim, Michael"]
[Result "1-0"]
[WhiteElo "2115"]
[BlackElo "2010"]

1.e4 e6 2.d4 d5 3.Nc3 Bb4 4.e5 Qd7 5.Qg4 f5 6.Qg3 b6 7.Nh3 Ba6 8.Bxa6 Nxa6
9.Nf4 Bf8 10.a3 c5 11.Be3 Ne7 12.O-O Nc6 13.Rfd1 cxd4 14.Bxd4 Nxd4 15.Rxd4 Nb8
16.Ncxd5 exd5 17.Rad1 Nc6 18.Rxd5 Qf7 19.e6 Qf6 20.Rd7 Ne7 21.Qd3  1-0

[Event "BL2-N9697"]
[Site "Germany"]
[Date "1997.??.??"]
[Round "?.3"]
[White "Stanke, Juergen"]
[Black "Lang, Jens"]
[Result "1-0"]
[WhiteElo "2310"]
[BlackElo "2330"]

1.e4 e6 2.d4 d5 3.Nc3 Bb4 4.e5 Ne7 5.Bd2 c5 6.a3 Bxc3 7.Bxc3 Nbc6 8.Nf3 c4
9.g3 Bd7 10.h4 b5 11.b4 cxb3 12.cxb3 Qb6 13.Bb2 O-O 14.Bd3 f5 15.O-O Be8
16.Ng5 Bf7 17.Be2 h6 18.Nxf7 Rxf7 19.Qd3 f4 20.Kg2 Nf5 21.Rad1 a6 22.Bh5 Rc7
23.Rd2 Rf8 24.Rc1 Rfc8 25.Bg4 Nce7 26.Rxc7 Qxc7 27.h5 fxg3 28.fxg3 Qc6 29.Bd1 Rf8
30.Kh3 g5 31.hxg6 Nxg6 32.Rf2 Qd7 33.Bc1 Qg7 34.Bc2 Nfe7 35.Rxf8+ Qxf8 36.Kg2 Nf5
37.Qe2 Qf7 38.Qg4 Kh7 39.Kg1 Qf8 40.Bd3 Qc8 41.Bd2 Qd7 42.Qh5 Qf7 43.g4 Nfe7
44.Bxh6 Kg8 45.Bg5 Kf8 46.Bf6 Ke8 47.Kf2 Kf8 48.Ke3 Ke8 49.Bxe7 Nxe7 50.Qxf7+ Kxf7
51.Kd2 Nc6 52.Kc3 Kg7 53.g5 Kf7 54.Bf1 Kg6 55.Bh3 Nd8 56.Kb4 Kxg5 57.Kc5 Kf4
58.Kd6 Ke4 59.Bxe6 Kxd4 60.Bxd5 a5 61.e6  1-0

[Event "Landesliga Sued 9697 Bayern"]
[Site "Germany"]
[Date "1997.??.??"]
[Round "?"]
[White "Terzic, Safet"]
[Black "Reilein, Christian"]
[Result "1-0"]
[WhiteElo "2320"]
[BlackElo "2295"]

1.e4 e6 2.d4 d5 3.Nc3 Bb4 4.e5 Ne7 5.a3 Bxc3+ 6.bxc3 c5 7.Nf3 Bd7 8.dxc5 Nbc6
9.Bd3 Ng6 10.Qe2 Qa5 11.O-O Qxc3 12.Rb1 Rb8 13.Rb5 Nd4 14.Nxd4 Qxd4 15.Bb2 Qh4
16.Rb4 Qe7 17.Qh5 Qxc5 18.Bd4 Qa5 19.Be3 Qxa3 20.Bc5 Qa5 21.Bd6 Rc8 22.Rg4 Bb5
23.Rxg6 fxg6 24.Qh4 Kd7 25.Qe7+ Kc6 26.Bb4 Qd8 27.Qxe6+ Kc7 28.Bd6+ Kb6 29.Bxb5 Qg8
30.Be7+ Kxb5 31.Rb1+ Kc4 32.Qg4+ d4 33.Qf3 Qe8 34.Qb3+  1-0

[Event "BL2-S9697"]
[Site "Germany"]
[Date "1997.??.??"]
[Round "?.3"]
[White "Gross, David2"]
[Black "Schmidt Schaeffer, Sebastian"]
[Result "1-0"]
[WhiteElo "2300"]
[BlackElo "2395"]

1.e4 e6 2.d4 d5 3.Nc3 Bb4 4.e5 b6 5.a3 Bf8 6.Qh5 Ba6 7.Bxa6 Nxa6 8.Nf3 g6
9.Qh3 Qd7 10.O-O Bg7 11.b4 Rc8 12.b5 Nb8 13.a4 Ne7 14.Re1 O-O 15.Ra3 c5 16.Ne2 Nf5
17.dxc5 Rxc5 18.g4 Ne7 19.Ned4 Rfc8 20.Bh6 Rc3 21.Re3 Rxa3 22.Rxa3 Rc4 23.Rd3 Qc7
24.Bxg7 Rxd4 25.Bf6 Rxa4 26.Nd4 Kf8 27.Qxh7 Ke8 28.Qh8+ Kd7 29.Qf8 Qc5 30.Bxe7 Qxe7
31.Qxb8 Qh4 32.Qb7+ Ke8 33.Qa8+  1-0

[Event "BL2-S9798"]
[Site "Germany"]
[Date "1997.??.??"]
[Round "?.5"]
[White "Arnold, Lothar"]
[Black "Kistner, Klaus"]
[Result "1-0"]
[WhiteElo "2350"]
[BlackElo "2200"]

1.e4 e6 2.d4 d5 3.Nc3 Bb4 4.e5 b6 5.Bd2 Ba6 6.Bxa6 Nxa6 7.Qg4 Bf8 8.Nh3 h5
9.Qf4 Nh6 10.Ng5 Qd7 11.h4 c5 12.dxc5 Nxc5 13.O-O Be7 14.Rfe1 Bxg5 15.Qxg5 Nf5
16.Qf4 Rc8 17.Rad1 d4 18.Be3 Qe7 19.Bxd4 Nxh4 20.Bxc5 Rxc5 21.Ne4 Ng6 22.Qd2 Rd5
23.Nd6+ Kf8 24.Qc3 Rc5 25.Qa3 Kg8 26.Ne4 Rxe5 27.Qxe7 Nxe7 28.Rd7 Nc6 29.f4 Rd5
30.Rc7 Nd8 31.Rxa7 Kh7 32.Ra8 Kg6 33.Kf2 h4 34.Rb8 b5 35.Nc3 Rd2+ 36.Re2 Rxe2+
37.Nxe2 h3 38.gxh3 Kf6 39.Nd4 Ke7 40.Nc6+ Kd7 41.Nxd8 Rxd8 42.Rxd8+ Kxd8
43.c3 Kc7 44.Ke3 Kd6 45.Kd4 f6 46.h4 Kc6 47.h5 Kd6 48.b3 Kc6 49.a3 Kb6 50.c4 Kc6
51.cxb5+ Kxb5 52.Kc3 Kc5 53.a4  1-0

[Event "BL9798 (Women)"]
[Site "Germany"]
[Date "1997.??.??"]
[Round "?.4"]
[White "Fuchs, Antje"]
[Black "Hausmann, Ilka"]
[Result "1-0"]
[WhiteElo "2105"]
[BlackElo "2130"]

1.e4 e6 2.d4 d5 3.Nc3 Bb4 4.e5 Ne7 5.Nf3 c5 6.a3 Bxc3+ 7.bxc3 Nbc6 8.Be2 Qa5
9.Qd2 cxd4 10.cxd4 Qxd2+ 11.Bxd2 Nf5 12.Bc3 O-O 13.Rb1 b6 14.Bd3 Bb7 15.a4 Rfc8
16.Kd2 Rc7 17.Rb3 f6 18.exf6 gxf6 19.Bxf5 exf5 20.Re1 Kf7 21.Nh4 Bc8 22.g3 Bd7
23.Ng2 Rac8 24.Nf4 Na5 25.Nxd5 Nxb3+ 26.cxb3 Rb7 27.Re7+ Kg6 28.Nf4+ Kh6
29.d5 Re8 30.Rf7 Bc8 31.Rxf6+ Kg5 32.f3  1-0

[Event "BL2-N9697"]
[Site "Germany"]
[Date "1997.??.??"]
[Round "?.4"]
[White "Cladouras, Panagiotis"]
[Black "Lang, Jens"]
[Result "0-1"]
[WhiteElo "2390"]
[BlackElo "2330"]

1.e4 e6 2.d4 d5 3.Nc3 Bb4 4.e5 Ne7 5.Bd2 c5 6.Nb5 Bxd2+ 7.Qxd2 O-O 8.Nf3 a6
9.Nd6 cxd4 10.Bd3 f6 11.Nxc8 Qxc8 12.exf6 Rxf6 13.O-O-O Nbc6 14.Rde1 Qd7
15.Re2 h6 16.Rhe1 Raf8 17.h4 Ng6 18.Bxg6 Rxg6 19.Nxd4 Nxd4 20.Qxd4 Rxg2 21.Kb1 Qf7
22.a3 Rxf2 23.Rxe6 Rf1 24.Ka2 Rxe1 25.Rxe1 Rc8 26.Qd3 Rc4 27.Rf1 Qe6 28.h5 Qe4
29.Qg3 Rxc2 30.Rg1 Qd4 31.Rb1 Qc4+ 32.Ka1 Rc1 33.Qb8+ Qc8 34.Qe5 Rxb1+ 35.Kxb1 Qd7
36.Qb8+ Kh7 37.Qe5 d4 38.Kc2 d3+ 39.Kd2 Kg8 40.Qe4 Qb5 41.Qe6+ Kf8 42.Qd6+ Kg8
43.Qe6+ Kh8 44.Qc8+ Kh7 45.b4 Qxh5 46.Kxd3 Qf3+ 47.Kd4 h5 48.Qc2+ Kh6 49.Qc1+ g5
50.Qe1 h4 51.Qe6+ Kh5 52.Qe8+ Kg4  0-1

[Event "BL2-N9697"]
[Site "Germany"]
[Date "1997.??.??"]
[Round "?.5"]
[White "Winterfeld, Dirk"]
[Black "Bornemann, Wolfram"]
[Result "1/2-1/2"]
[WhiteElo "2245"]
[BlackElo "2260"]

1.e4 e6 2.d4 d5 3.Nc3 Bb4 4.e5 Ne7 5.Bd2 c5 6.Nb5 Bxd2+ 7.Qxd2 O-O 8.Nf3 a6
9.Nd6 cxd4 10.Nxc8 Qxc8 11.Nxd4 Nbc6 12.Nxc6 Nxc6 13.f4 f6 14.exf6 Rxf6 15.Bd3 Qc7
16.g3 e5 17.O-O-O exf4 18.g4 Rd8 19.g5 Rff8 20.Rhf1 f3 21.Rf2 Qf4 22.Qxf4 Rxf4
23.Re1 Rdf8 24.Re3 g6 25.h3 Nb4 26.a3 Nxd3+ 27.Rxd3 R8f5 28.Kd2 Kf7 29.Rc3 Ke6
30.Rc7 Rxg5 31.Rxh7 d4 32.Rxb7 Rg2 33.Ke1 Re4+ 34.Kf1 Rxf2+ 35.Kxf2 Re2+
36.Kxf3 Rxc2 37.Ke4 Re2+ 38.Kxd4 Rh2 39.Rb6+ Kf5 40.Rxa6 Rxb2 41.Ra8 Rb3
42.a4 Rxh3 43.a5 Ra3 44.a6 Kg4 45.a7 g5 46.Kc5 Kg3 47.Kb6 g4 48.Rg8 Rxa7
49.Kxa7 Kf3  1/2-1/2

[Event "BL2-S9798"]
[Site "Germany"]
[Date "1997.??.??"]
[Round "?.4"]
[White "Gross, David2"]
[Black "Riedel, Wolfgang"]
[Result "1/2-1/2"]
[WhiteElo "2305"]
[BlackElo "2355"]

1.e4 e6 2.d4 d5 3.Nc3 Bb4 4.e5 Ne7 5.a3 Bxc3+ 6.bxc3 c5 7.Qg4 Nbc6 8.Bd3 Qa5
9.Bd2 c4 10.Be2 Nf5 11.Qh3 Bd7 12.g4 Nfe7 13.f4 Qa4 14.Bd1 O-O-O 15.Ne2 Rdf8
16.O-O h5 17.gxh5 g6 18.Ng3 gxh5 19.Nxh5 Nf5 20.Qf3 Rfg8+ 21.Kh1 Rg6 22.Rg1 Rxg1+
23.Kxg1 Qa5 24.Qf2 Qb6 25.Bc1 Qa5 26.Bd2 Nce7 27.Nf6 Ba4 28.Bh5 Rf8 29.Nh7 Rh8
30.Nf6 Rf8 31.Nh7  1/2-1/2

[Event "BL2-S9697"]
[Site "Germany"]
[Date "1997.??.??"]
[Round "?.6"]
[White "Schmenger, Felix"]
[Black "Osorios Ortiz, Marcos"]
[Result "1/2-1/2"]
[WhiteElo "2260"]
[BlackElo "2265"]

1.e4 e6 2.d4 d5 3.Nc3 Bb4 4.e5 Ne7 5.a3 Bxc3+ 6.bxc3 c5 7.Nf3 Bd7 8.a4 Qa5
9.Bd2 c4 10.Be2 Nbc6 11.Ng5 h6 12.Nh3 O-O-O 13.Nf4 Kb8 14.Nh5 Rh7 15.O-O Ka8
16.Qc1 Bc8 17.Qa3 Re8 18.Bc1 Ng8 19.Bf3 g6 20.Nf4 Rg7 21.Rb1 g5 22.Nh5 Rg6
23.Rb5 Qd8 24.Bg4 f5 25.exf6 Nxf6 26.Nxf6 Rxf6 27.a5 Ref8 28.Qa1 Nb8 29.Ba3 Rh8
30.Qd1 h5 31.Be2 Bd7 32.Rb1 Be8 33.Qd2 g4 34.Qg5 Bg6 35.Rb2 Rg8 36.Qh4 Nc6
37.Bc5 Rg7 38.Ra1 Rgf7 39.f3 gxf3 40.Bxf3 Qg8 41.Bd6 e5  1/2-1/2

[Event "Oberliga Ost A9798"]
[Site "Germany"]
[Date "1997.??.??"]
[Round "?"]
[White "Gnauk, Reinhard"]
[Black "Spiess, Gunter"]
[Result "0-1"]
[WhiteElo "2230"]
[BlackElo "2400"]

1.e4 e6 2.d4 d5 3.Nc3 Bb4 4.e5 b6 5.Nf3 Qd7 6.Bd2 Nh6 7.Bd3 Ba6 8.Bxa6 Nxa6
9.Qe2 Nb8 10.O-O Nf5 11.Nd1 Bxd2 12.Qxd2 c5 13.c3 Nc6 14.Ne3 Nxe3 15.fxe3 O-O
16.Ne1 Qe7 17.Nc2 Nb8 18.Rae1 Nc6 19.e4 Rad8 20.Rf3 Nxe5 21.Rg3 dxe4 22.Rxe4 Ng6
23.Qe2 Rfe8 24.Qb5 Qd7 25.Qa6 f5 26.Re1 cxd4 27.cxd4 Rc8 28.Rc3 Nf4 29.Qf1 Nd5
30.Rxc8 Rxc8 31.Qe2 Nf6 32.Rd1 Rd8 33.Ne3 Qc6 34.Nc4 Qe4 35.Qxe4 Nxe4 36.Ne3 Rc8
37.g3 Kf7 38.d5 g6 39.dxe6+ Kxe6 40.a3 g5 41.Kg2 f4 42.gxf4 gxf4 43.Nd5 Rc2+
44.Kf3 Nd2+  0-1

[Event "Landesliga Sued 9697 Bayern"]
[Site "Germany"]
[Date "1997.??.??"]
[Round "?"]
[White "Absmaier, Friedrich"]
[Black "Turcan, Milan"]
[Result "0-1"]
[WhiteElo "2045"]
[BlackElo "2095"]

1.e4 e6 2.d4 d5 3.Nc3 Bb4 4.e5 b6 5.Qg4 Bf8 6.Nf3 Qd7 7.Be2 Ne7 8.O-O Nbc6
9.Nd1 Bb7 10.c3 O-O-O 11.b4 f5 12.Qh3 h6 13.a4 Rg8 14.a5 g5 15.Nd2 Ng6 16.Nb3 g4
17.Qd3 f4 18.f3 gxf3 19.Bxf3 Qg7 20.axb6 axb6 21.Rf2 Be7 22.b5 Ncxe5 23.dxe5 Nxe5
24.Qe2 Nxf3+ 25.Qxf3 e5 26.Rfa2 Qf7 27.Ne3 e4 28.Qh3+ Kb8 29.Nf5 Qe6 30.Kh1 Bc5
31.Nxc5 bxc5 32.Bxf4 Rgf8 33.g4 d4 34.Qxh6 e3+ 35.Kg1 Qd5 36.Ng3 dxc3 37.Qb6 Qd1+
38.Rxd1 Rxd1+ 39.Nf1 Rxf1+ 40.Kxf1 Rxf4+ 41.Ke2 cxb6 42.Kxe3 Rxg4 43.Kd3 c2  0-1

[Event "Landesliga Sued 9697 Bayern"]
[Site "Germany"]
[Date "1997.??.??"]
[Round "?"]
[White "Inngauer, Wolfram"]
[Black "Lerch, Martin"]
[Result "0-1"]
[WhiteElo "1995"]
[BlackElo "1990"]

1.d4 e6 2.Nc3 d5 3.e4 Bb4 4.e5 Ne7 5.Nf3 c5 6.a3 Bxc3+ 7.bxc3 Qc7 8.Bd3 b6
9.O-O Ba6 10.Bxa6 Nxa6 11.Qe2 Nb8 12.a4 O-O 13.Ba3 Rc8 14.Rfd1 Nf5 15.dxc5 bxc5
16.g4 Ne7 17.h4 Nd7 18.c4 d4 19.c3 dxc3 20.Rd6 Ng6 21.Rad1 Nb6 22.a5 Na4
23.Ng5 Rab8 24.h5 Nf8 25.Qc2 Nb2 26.Bxb2 cxb2 27.Rd7 b1=Q  0-1

[Event "NRW-Liga 9798"]
[Site "Germany"]
[Date "1997.??.??"]
[Round "1.1"]
[White "Morawietz, Dieter"]
[Black "Borngaesser, Rene"]
[Result "0-1"]
[WhiteElo "2445"]
[BlackElo "2350"]

1.e4 e6 2.d4 d5 3.Nc3 Bb4 4.e5 Qd7 5.Bd2 b6 6.Nf3 Ba6 7.Bxa6 Nxa6 8.Ne2 Bf8
9.Nf4 c6 10.O-O Nc7 11.Qe2 g6 12.Nd3 Bg7 13.a4 Ne7 14.Bg5 O-O 15.Qd2 Rfc8
16.a5 Nb5 17.g4 Rab8 18.axb6 axb6 19.h4 c5 20.c3 cxd4 21.cxd4 Nc6 22.Qf4 Ncxd4
23.Nxd4 Rc4 24.b3 Nxd4 25.Qe3 Nxb3 26.Rab1 Rxg4+ 27.Kh1 Re4 28.Qg3 Qa4 29.f4 Nd2
30.Nc5 Nxf1 31.Qg2 Ne3  0-1

[Event "Goetzis IM4"]
[Site "Goetzis"]
[Date "1997.??.??"]
[Round "9"]
[White "Stanojevic, Stanimir"]
[Black "Thoma, Robert"]
[Result "0-1"]
[WhiteElo "2110"]
[BlackElo "2300"]

1.e4 e6 2.d4 d5 3.Nc3 Bb4 4.e5 b6 5.Qg4 Bf8 6.Nf3 Qd7 7.Bg5 Ne7 8.h4 Ba6
9.h5 Bxf1 10.Kxf1 h6 11.Be3 Nf5 12.Qf4 c5 13.g4 Nxd4 14.Bxd4 cxd4 15.Nxd4 Nc6
16.Nce2 Rc8 17.Rh3 Nxd4 18.Nxd4 Bc5 19.Nb3 Be7 20.c3 Qb5+ 21.Kg2 a5 22.Qd2 d4
23.cxd4 a4 24.Nc1 Bg5 25.Qd1 Qxb2 26.Ne2 O-O 27.Kf1 Rc2 28.Rb1 Qxa2 29.Ra1 Qc4
30.Rd3 Rc8 31.f4 Be7 32.Rd2 Qb3 33.Rd3 Qd5 34.Kf2 Qe4 35.Rxa4 Bh4+  0-1

[Event "Groningen op"]
[Site "Groningen"]
[Date "1997.??.??"]
[Round "10"]
[White "Rechel, Ralf"]
[Black "Mamedova, Rena"]
[Result "1-0"]
[WhiteElo "2210"]
[BlackElo "2215"]

1.e4 e6 2.d4 d5 3.Nc3 Bb4 4.e5 Ne7 5.Qg4 Ng6 6.h4 h5 7.Qg3 c5 8.Bd3 cxd4
9.a3 dxc3 10.axb4 cxb2 11.Bxb2 Ne7 12.Qxg7 Rg8 13.Qh7 Qb6 14.b5 Bd7 15.Nf3 Bxb5
16.Bd4 Qc6 17.Ng5 Rf8 18.O-O Bxd3 19.cxd3 Nf5 20.Rfc1 Qd7 21.Bc5 Nc6 22.Bxf8 Kxf8
23.Qh8+  1-0

[Event "Wichern op"]
[Site "Hamburg"]
[Date "1997.??.??"]
[Round "9"]
[White "Meyer, Falko"]
[Black "Schuette, Manfred"]
[Result "1-0"]
[WhiteElo "2335"]
[BlackElo "2265"]

1.e4 e6 2.d4 d5 3.Nc3 Bb4 4.e5 Ne7 5.Bd2 Nf5 6.Bd3 Qh4 7.Bxf5 Bxc3 8.Nf3 Bxd2+
9.Qxd2 Qe7 10.Bd3 a5 11.h4 b6 12.Qg5 Qxg5 13.hxg5 Ba6 14.O-O-O Bxd3 15.Rxd3 Nd7
16.Ne1 c5 17.Rdh3 cxd4 18.Rxh7 Rg8 19.f4 Rc8 20.Rh8 Ke7 21.Rxg8 Rxg8 22.Nf3 f6
23.gxf6+ gxf6 24.Rh7+ Ke8 25.Nxd4 fxe5 26.fxe5 Nxe5 27.Nxe6 Rxg2 28.Nc7+ Kd8
29.Nxd5 Nc4 30.Rh1 b5 31.Rd1 Kc8 32.Nf4 Rf2 33.Nd3 Rf5 34.c3 Kc7 35.Re1 Rd5
36.Kc2 Rh5 37.Re2 Kc6 38.b3 Nd6 39.Nf4 Rh4 40.Ne6 Rh5 41.Nd4+ Kc5 42.a3 Rh6
43.a4 Rh5 44.axb5 Nxb5 45.Nxb5 Kxb5 46.Kb2 Rh3 47.Re5+ Ka6 48.Re6+ Kb7 49.c4 a4
50.bxa4 Ka7 51.Re5 Kb6 52.Rb5+ Ka6 53.Rb3 Rh4 54.Rc3 Ka5 55.Kb3 Rh8 56.c5 Rh4
57.Rc4 Rh3+ 58.Kc2 Rg3 59.c6 Rg8 60.Kc3 Rd8 61.c7 Rc8 62.Rc6  1-0

[Event "Heart of Finland op"]
[Site "?"]
[Date "1997.??.??"]
[Round "4"]
[White "Kokkila, Tero"]
[Black "Kekki, Petri"]
[Result "1/2-1/2"]
[WhiteElo "2285"]
[BlackElo "2255"]

1.e4 e6 2.d4 d5 3.Nc3 Bb4 4.e5 b6 5.Qg4 Bf8 6.Nce2 Qd7 7.Nf4 g6 8.h4 h5 9.Qd1 c5
10.Nf3 Ba6 11.Bxa6 Nxa6 12.Qe2 Nb4 13.c3 Nc6 14.dxc5 bxc5 15.c4 d4 16.Nd3 Qc7
17.Bg5 Nh6 18.Bf6 Rg8 19.Ng5 Ng4 20.O-O Bg7 21.Bxg7 Rxg7 22.Rae1 Rd8 23.Nf3 Nb8
24.Nh2 Nxh2 25.Kxh2 f5 26.Qd2 Qe7 27.Qg5 Qxg5 28.hxg5 Rc7 29.f3 Na6 30.a3 Rb8
31.Rf2 Rb3 32.Nf4 Kf7 33.g4 hxg4 34.fxg4 Re3 35.Rxe3 dxe3 36.Re2 fxg4 37.Rxe3 Rd7
38.Rd3 Rxd3 39.Nxd3 Nb8 40.Nxc5 Nc6 41.Nd3 Na5 42.c5 Ke7 43.Kg3 Kd7 44.Kxg4 Nc4
45.Kf4 Kc6 46.Ke4 Nd2+ 47.Ke3 Nc4+ 48.Kd4 Nd2 49.b4 Nf3+ 50.Ke3 Nxg5 51.Nf4 a5
52.Nxg6 axb4 53.axb4 Kb5 54.Nf4 Nf7 55.Kd4 Nd8 56.Kc3 Nc6 57.Nxe6 Nxb4 58.Kd4 Nc2+
59.Kd5 Ne3+ 60.Ke4 Ng4 61.Kd4 Kc6 62.Nd8+ Kd7 63.Nf7 Kc6 64.e6 Nf6 65.Ne5+ Kc7
66.e7 Kc8 67.Kd3 Kb7 68.Kc4 Kc7 69.Kb5 Ne8 70.Ka5 Nf6 71.Ka6 Ne8 72.Nf7 Kc6
73.Nd6 Nc7+ 74.Ka7 Kxc5 75.Kb7 Kxd6 76.e8=N+  1/2-1/2

[Event "Helsinki-Stockholm"]
[Site "Helsinki"]
[Date "1997.??.??"]
[Round "?"]
[White "Lindberg, Bengt"]
[Black "Raaste, Eero J"]
[Result "1-0"]
[WhiteElo "2345"]
[BlackElo "2340"]

1.e4 e6 2.d4 d5 3.Nc3 Bb4 4.e5 Qd7 5.a3 Bf8 6.Bb5 c6 7.Ba4 a5 8.Nce2 b5 9.Bb3 Ba6
10.Bd2 b4 11.axb4 axb4 12.Nf3 Qb7 13.O-O Ne7 14.Re1 Ng6 15.Nf4 Nxf4 16.Bxf4 Nd7
17.c3 h6 18.h4 Be7 19.h5 Nb6 20.Nd2 Bd3 21.Qg4 Kd7 22.Qf3 Bf5 23.c4 Rxa1
24.Rxa1 Ra8 25.Rc1 Ke8 26.Qd1 Kf8 27.c5 Nd7 28.Nf1 Kg8 29.Bd2 Qb5 30.Ne3 Be4
31.Nc2 f6 32.exf6 Bxf6 33.Be3 Bf5 34.Ne1 Ra7 35.Qf3 Be4 36.Qg3 Kf7 37.Qh3 Bf5
38.g4 Be4 39.f3 Bh7 40.f4 Be4 41.Bd1 Ra2 42.g5 Bd8 43.Bg4 Nf8 44.gxh6 gxh6
45.f5 exf5 46.Bxf5 Qe2 47.Bxe4 dxe4 48.Ng2 Rxb2 49.Rf1+ Bf6 50.Nf4 Qc4 51.Qf5 Qa2
52.Qxe4 Kg7 53.d5  1-0

[Event "Helsinki-Stockholm"]
[Site "Helsinki"]
[Date "1997.??.??"]
[Round "?"]
[White "Couso, Luis"]
[Black "Kekki, Petri"]
[Result "1-0"]
[WhiteElo "2240"]
[BlackElo "2255"]

1.e4 e6 2.d4 d5 3.Nc3 Bb4 4.e5 Ne7 5.a3 Bxc3+ 6.bxc3 c5 7.Nf3 Bd7 8.Bd3 Qa5
9.Qd2 Nbc6 10.a4 Rc8 11.dxc5 Qxc5 12.Ba3 Qa5 13.O-O Ng6 14.Rfe1 Nce7 15.Bb4 Qc7
16.Ra3 Qd8 17.Nd4 a6 18.f4 Nc6 19.Bd6 Na5 20.f5 exf5 21.Qf2 Ne7 22.e6 Bxe6
23.Bb4 O-O 24.Rxe6 fxe6 25.Nxe6 Qe8 26.Nxf8 Nec6 27.Ra1 Nxb4 28.cxb4 Nc4
29.Qxf5 Qe3+ 30.Kh1 Rxf8 31.Qxh7+ Kf7 32.Rf1+ Ke8 33.Qg6+  1-0

[Event "HUN-chT 9798"]
[Site "Hungary"]
[Date "1997.??.??"]
[Round "?"]
[White "Cao Sang"]
[Black "Farago, Ivan"]
[Result "1-0"]
[WhiteElo "2465"]
[BlackElo "2470"]

1.e4 e6 2.d4 d5 3.Nc3 Bb4 4.e5 Ne7 5.a3 Bxc3+ 6.bxc3 c5 7.a4 Qa5 8.Bd2 Nbc6
9.Nf3 Bd7 10.Rb1 Qc7 11.Qc1 h6 12.h4 c4 13.g3 O-O-O 14.Bg2 Kb8 15.Qa3 Ka8
16.Rb5 Nc8 17.O-O Nb8 18.Rb2 Qa5 19.Qb4 Qxb4 20.cxb4 Nb6 21.a5 Na4 22.Ra2 c3
23.Be3 Na6 24.Rb1 Nb2 25.Bd2 Rc8 26.Bf1 Ba4 27.Bxc3 Bxc2 28.Rbxb2 Be4 29.Nd2 Rxc3
30.b5 Nb8 31.Nxe4 dxe4 32.Bg2 Rd8 33.Ra4 Nd7 34.Bxe4 Kb8 35.Kg2 Rdc8 36.a6 R3c4
37.Rxc4 Rxc4 38.Bxb7 Rxd4 39.Rc2 Nb6 40.Rc6 Rb4 41.Rd6 Kc7 42.Bc6 g5 43.hxg5 hxg5
44.Be8 Re4 45.Rc6+ Kd8 46.Bxf7 Rxe5 47.Rxb6  1-0

[Event "HUN-chT 9798"]
[Site "Hungary"]
[Date "1997.??.??"]
[Round "?"]
[White "Toth, Andras"]
[Black "Portisch, Ferenc"]
[Result "1/2-1/2"]
[WhiteElo "2245"]
[BlackElo "2370"]

1.e4 e6 2.d4 d5 3.Nc3 Bb4 4.e5 Ne7 5.a3 Bxc3+ 6.bxc3 c5 7.Qg4 cxd4 8.cxd4 Qc7
9.Bb5+ Bd7 10.Bxd7+ Nxd7 11.Ne2 Qxc2 12.O-O Qg6 13.Qh4 Nc6 14.a4 Nb6 15.Ra3 Qe4
16.Nf4 Nxd4 17.Qg5 Nf5 18.Nh5 Nc4 19.Nxg7+ Nxg7 20.Qxg7 Qxe5 21.Qxe5 Nxe5
22.Rb3 b6 23.Bb2 f6 24.Re1 Kd7 25.Bxe5 fxe5 26.Rxe5 Rac8 27.f4 Rhf8 28.g3 Rc4
29.Kf2 Rc2+ 30.Kf3 Rxh2 31.a5 Rb8 32.f5 exf5 33.Rxd5+ Ke6 34.Rbd3 bxa5 35.Rd6+ Kf7
36.Rd7+ Kg8 37.Rxa7 Rh6 38.Rxa5 Rg6 39.Rxf5  1/2-1/2